|
|
|
|
| LEADER |
01043nam a2200253 a 4500 |
| 001 |
000670058 |
| 003 |
CZ BrMZK |
| 005 |
20140716142207.0 |
| 007 |
ta |
| 008 |
030515s1964 xr f cze d |
| 015 |
|
|
|a cnb000480918
|
| 040 |
|
|
|a BOA001
|b cze
|c BOA002
|
| 100 |
1 |
|
|a Härtel, Jaroslav
|7 ntk2010604256
|4 aut
|
| 245 |
1 |
0 |
|a Bezpečnost práce v hornictví :
|b doplňující text pro ostravsko-karvínský revír : pro 3. a 4. ročník průmyslových škol hornických /
|c zpracoval Jaroslav Härtel
|
| 250 |
|
|
|a 2. vyd.
|
| 260 |
|
|
|a Praha :
|b Práce,
|c 1964
|
| 300 |
|
|
|a 98 s.
|
| 490 |
1 |
|
|a Učební texty pro odborné školy
|
| 830 |
|
0 |
|a Učební texty pro odborné školy
|
| 910 |
|
|
|a BOA001
|b PK-0035.449
|b 2-0455.081-64
|
| 964 |
|
|
|a Práce - bezpečnost - hornictví - učebnice - školy střední průmyslové
|
| 990 |
|
|
|a BK
|
| 996 |
6 |
|
|b 2619082674
|c 2-0455.081-64
|l MZK
|r Sklad / do 24 hodin
|n 0
|w 000670058
|u 000020
|a 1
|e BOA001
|j MZK50
|s P
|
| 996 |
6 |
|
|b BC-92780
|c PK-0035.449
|l MZK
|r Sklad / do 1 hodiny
|n 0
|w 000670058
|u 000010
|a 1
|e BOA001
|j MZK50
|s P
|